|
|
|
|
| LEADER |
00000cam a2200000 7i4500 |
| 001 |
0000006406 |
| 005 |
20220118093000.0 |
| 008 |
021119s1983 |
| 090 |
0 |
0 |
|a BP129.42.A3
|b A968
|
| 100 |
1 |
|
|a Ayoub, Mahmoud M. ,
|e author
|
| 245 |
1 |
4 |
|a The great tiding :
|b interpretation of Juz' `amma, the last part of the Qur'an
|c Mahmoud M. Ayoub
|
| 260 |
2 |
|
|a Tripoli :
|b Islamic Call Society ,
|c c1983
|
| 300 |
|
|
|a 176 p. ;
|c 21 cm.
|
| 630 |
0 |
0 |
|a Qur'an
|x Juz' al-hamd
|x Commentaries
|
| 999 |
|
|
|a 1000002118
|b Book
|c OPEN SHELF (30 DAYS)
|e Gong Badak Campus
|
| 999 |
|
|
|a 1000002121
|b Book
|c OPEN SHELF (30 DAYS)
|e Gong Badak Campus
|